00386nam a2200121Ia 4500003000400000005001700004008004100021040001800062041000800080100005000088245008800138260003800226OSt20260119114606.0211028s2013 xx 000 0 und d cAIMIT LIBRARY aeng aDurgekar, Nilesh; Kairanna, Sneha S.g1116108 aStudy on decrease in the customer interest towards blackberrys menswear Mangalore / aMangalorebSneha S Kairannac2013